Portuguese Translations of Band Names - Statistics

General Stats
  • This quiz has been taken 119 times
  • The average score is 15 of 26
Answer Stats
Portuguese Band Name % Correct
Uma Direção One Direction
92%
Nirvana Nirvana
90%
Pânico! na Discoteca Panic! at the Disco
83%
Rainha Queen
80%
Beijo Kiss
77%
Filha do Destino Destiny's Child
76%
Os Quem The Who
76%
Você Também U2
76%
Os Assassinos The Killers
75%
Meu Romance Químico My Chemical Romance
74%
Cinco Segundos de Verão 5 Seconds of Summer
68%
As Pedras Rolantes The Rolling Stones
64%
As Pimentas Vermelhas Quentes The Red Hot Chili Peppers
62%
Os Meninos da Rua de Trás The Backstreet Boys
57%
As Mamães e os Papais The Mamas and the Papas
53%
As Ervilhas de Olhos Pretos The Black Eyed Peas
52%
As Meninas Temperos The Spice Girls
49%
Pisca-Cento Oitenta e Dois Blink-182
48%
Os Besouros The Beatles
41%
Em Sincronia 'N Sync
38%
Donzela de Ferro Iron Maiden
37%
Domingo Preto Black Sabbath
36%
Os Mortos Gratos The Grateful Dead
30%
Dormindo com Sereias Sleeping with Sirens
24%
Senhora Antes da Guerra Lady Antebellum
18%
Pesadelo Incubus
2%
No matching quizzes found
Score Distribution
Percent of People with Each Score
Percentile by Number Answered
Your Score History
You have not taken this quiz